Statistics for Foreign NBA Players (2020)

Click here to take the quiz!

General Stats

  • This quiz has been taken 92 times
  • The average score is 42 of 121

Answer Stats

CountryNameTeam% Correct
CameroonJoel Embiid76ers
83%
SerbiaNikola JokićNuggets
83%
GreeceGiannis AntetokounmpoBucks
82%
LatviaKristaps PorzingisMavericks
82%
SloveniaLuka DončićMavericks
75%
SpainMarc GasolRaptors
75%
AustraliaBen Simmons76ers
70%
FranceRudy GobertJazz
70%
CanadaAndrew WigginsTimberwolves
66%
SerbiaBogdan BogdanovićKings
66%
CroatiaBojan BogdanovićJazz
66%
SpainRicky RubioSuns
66%
SloveniaGoran DragićHeat
65%
New ZealandSteven AdamsThunder
65%
GreeceKostas AntetokounmpoLakers
61%
FinlandLauri MarkkanenBulls
61%
GreeceThanasis AntetokounmpoBucks
61%
MontenegroNikola VučevićMagic
59%
CanadaJamal MurrayNuggets
58%
Bosnia and HerzegovinaJusuf NurkićTrail Blazers
58%
JapanRui HachimuraWizards
58%
CanadaShai Gilgeous-AlexanderThunder
58%
SwitzerlandClint CapelaRockets
56%
ItalyDanilo GallinariThunder
55%
TurkeyCedi OsmanCavaliers
54%
FranceEvan FournierMagic
54%
Dominican RepublicAl Horford76ers
52%
The BahamasDeandre AytonSuns
52%
GermanyDennis SchröderThunder
52%
AustraliaPatty MillsSpurs
52%
TurkeyEnes KanterCeltics
51%
Republic of the CongoSerge IbakaRaptors
51%
AustraliaJoe InglesJazz
48%
United KingdomOG AnunobyRaptors
48%
The BahamasBuddy HieldKings
46%
SenegalGorgui DiengTimberwolves
46%
LithuaniaJonas ValančiūnasGrizzlies
46%
SudanBol BolNuggets
45%
AustriaJakob PoeltlSpurs
45%
ItalyMarco BelinelliSpurs
45%
CanadaRJ BarrettKnicks
45%
Puerto RicoJ.J. BareaMavericks
42%
LatviaDāvis BertānsWizards
41%
AustraliaMatthew DellavedovaCavaliers
41%
FranceNicolas BatumHornets
41%
Czech RepublicTomáš SatoranskýBulls
41%
UkraineAlex LenHawks
39%
SerbiaBoban MarjanovićMavericks
39%
SpainJuan HernangómezNuggets
39%
BrazilNenêRockets
39%
CanadaTristan ThompsonCavaliers
39%
SpainWilly HernangómezHornets
39%
GermanyDaniel TheisCeltics
38%
CanadaKyle AlexanderHeat
38%
CroatiaDario ŠarićSuns
37%
CroatiaIvica ZubacClippers
37%
NigeriaJosh OkogieTimberwolves
37%
GermanyMaxi KleberMavericks
35%
AustraliaAron BaynesSuns
34%
CanadaDwight PowellMavericks
34%
TurkeyErsan IlyasovaBucks
34%
TurkeyFurkan Korkmaz76ers
34%
GermanyMoritz WagnerWizards
34%
LatviaRodion KurucsNets
34%
ItalyNicolò MelliPelicans
32%
GeorgiaGoga BitadzePacers
31%
Democratic Republic of the CongoBismack BiyomboHornets
30%
FranceFrank NtilikinaKnicks
30%
BrazilRaul Neto76ers
30%
South SudanThon MakerPistons
30%
CanadaNickeil Alexander-WalkerPelicans
28%
SenegalTacko FallCeltics
28%
CanadaKelly OlynykHeat
27%
CroatiaMario HezonjaTrail Blazers
27%
JapanYuta WatanabeGrizzlies
27%
Saint LuciaChris BoucherRaptors
25%
BrazilCristiano FelícioBulls
24%
CanadaDillon BrooksGrizzlies
24%
BrazilBruno CabocloGrizzlies
23%
CroatiaDragan BenderBucks
23%
GermanyIsaac BongaWizards
23%
CanadaLuguentz DortThunder
23%
SerbiaNemanja BjelicaKings
23%
GuineaSekou DoumbouyaPistons
23%
Bosnia and HerzegovinaDžanan MusaNets
21%
CanadaBrandon ClarkeGrizzlies
20%
SwitzerlandThabo SefoloshaRockets
20%
HaitiSkal LabissièreTrail Blazers
17%
AngolaBruno FernandoHawks
15%
MaliCheick DialloSuns
15%
AustraliaDante ExumCavaliers
15%
FranceÉlie OkoboSuns
15%
UkraineSviatoslav MykhailiukPistons
15%
CroatiaAnte ŽižićCavaliers
14%
CanadaCory JosephKings
14%
CroatiaLuka ŠamanićSpurs
14%
EgyptAbdel NaderThunder
13%
FranceIan MahinmiWizards
13%
SerbiaMarko GudurićGrizzlies
13%
IsraelT.J. LeafPacers
13%
SloveniaVlatko ČančarNuggets
13%
SerbiaAlen SmailagićWarriors
11%
Democratic Republic of the CongoEmmanuel MudiayJazz
11%
LithuaniaIgnas BrazdeikisKnicks
11%
GabonChris SilvaHeat
10%
CanadaKhem BirchMagic
10%
Antigua and BarbudaNorvel Pelle76ers
10%
FranceTimothé Luwawu-CabarrotNets
10%
CanadaTrey LylesSpurs
10%
FranceWilliam HowardRockets
10%
CanadaMfiondu KabengeleClippers
7%
FranceAdam MokokaBulls
6%
LatviaAnžejs PasečņiksWizards
4%
AustraliaJonah Bolden76ers
4%
CanadaMarial Shayok76ers
4%
AustraliaRyan BroekhoffMavericks
4%
South SudanWenyen GabrielKings
4%
FranceJaylen HoardTrail Blazers
3%
CanadaOshae BrissettRaptors
3%
CanadaNaz Mitrou-LongPacers
1%
FranceVincent PorierCeltics
1%

Score Distribution

Percentile by Number Answered

Percent of People with Each Score

Your Score History

You have not taken this quiz